Statystyki dla Kluby Serie A 2023/24

Kliknij tutaj aby rozwiązać quiz!

Ogólne statystyki

  • Ten quiz został rozwiązany 1 592 razy
    (634 od ostatniego zresetowania)
  • Średni wynik to 14 z 20

Statystyki odpowiedzi

Zespół% Poprawnych
Juventus
98%
AC Milan
97%
Inter Mediolan
97%
SSC Napoli
95%
AS Roma
87%
SS Lazio
85%
ACF Fiorentina
76%
Atalanta BC
75%
Torino
70%
Bologna
66%
US Sassuolo Calcio
63%
Genoa CFC
62%
Udinese Calcio
62%
US Salernitana 1919
60%
Empoli
56%
AC Monza
52%
Cagliari Calcio
52%
Hellas Verona
52%
Frosinone Calcio
47%
US Lecce
46%

Rozkład punktacji

Percentyl według liczby udzielonych odpowiedzi

Procent ludzi z każdym wynikiem

Twoja historia wyników

Nie rozwiązałeś tego quizu od ostatniego zresetowania